| 000 | 01190nam0a2200289 i 4500 | ||
|---|---|---|---|
| 001 | RU\NLR\bibl\1964069 | ||
| 005 | 20240921153406.0 | ||
| 010 |
_a9785992507959 _91000 |
||
| 021 |
_aRU _b2012-78886 _95855 |
||
| 035 | _a(NLR Aleph) 001953043 | ||
| 090 |
_a3721605 _c3721605 |
||
| 100 | _a20121107d2012 u y0rusy50 ca | ||
| 101 | 0 | _arus | |
| 102 | _aRU | ||
| 105 | _aa ||||||||| | ||
| 200 | 1 |
_aПроблемы качества образования и их решение в образовательном учреждении _eучебно-методическое пособие _fпод ред. С.С. Татарченковой |
|
| 210 |
_aСанкт-Петербург _cКаро _d2012 |
||
| 215 |
_a119 с. _cил. _d21 |
||
| 225 | 1 | _aПедагогический взгляд | |
| 606 | 1 |
_aШкольное образование _jУчебно-методические пособия _xКачество _92499173 _3RU\NLR\auth\661482381 |
|
| 686 | _aЧ421.28я7 | ||
| 702 | 1 |
_aТатарченкова _bС. С. _gСветлана Степановна _4340 |
|
| 801 | 0 |
_aRU _bNLR _c20121107 _gRCR |
|
| 801 | 1 |
_aRU _bNLR _c20121107 |
|
| 942 | _cBOOK | ||
| 980 | _aNBR | ||